¿Qué es el SEAD? (Record no. 79585)

MARC details
000 -CABECERA
campo de control de longitud fija 00604nam a2200217 a 4500
005 - FECHA Y HORA DE LA ÚLTIMA TRANSACCIÓN
campo de control 20210219153537.0
008 - ELEMENTOS DE LONGITUD FIJA--INFORMACIÓN GENERAL
campo de control de longitud fija 991125n 000 0 spa u
035 ## - NÚMERO DE CONTROL DEL SISTEMA
Número de control de sistema UPN01000105649
110 1# - ASIENTO PRINCIPAL--NOMBRE CORPORATIVO
Nombre de entidad corporativa o nombre de jurisdicción como elemento de entrada UNIVERSIDAD PEDAGOGICA NACIONAL (MEXICO) SISTEMA DE EDUCACION A DISTANCIA
222 #0 - TÍTULO CLAVE
Título clave BOLETIN UPN UNIDAD AJUSCO
245 00 - MENCIÓN DE TÍTULO
Título ¿Qué es el SEAD?
260 ## - PUBLICACIÓN, DISTRIBUCIÓN, ETC.
Lugar de publicación, distribución, etc. México
300 ## - DESCRIPCIÓN FÍSICA
Extensión 4-5
362 0# - FECHAS DE PUBLICACIÓN Y/O DESIGNACIÓN SECUENCIAL
Fecha de publicación y/o designación secuencial 1979 Vol. 1, no. 4, ago.
653 0# - TERMINO DE INDIZACION - NO CONTROLADO
Término no controlado EDUCACION A DISTANCIA
653 0# - TERMINO DE INDIZACION - NO CONTROLADO
Término no controlado EDUCACION SUPERIOR
653 0# - TERMINO DE INDIZACION - NO CONTROLADO
Término no controlado FORMACION DE MAESTROS
653 0# - TERMINO DE INDIZACION - NO CONTROLADO
Término no controlado SEAD
904 ## - ELEMENTOS DE DATOS D LOCAL, LDD (RLIN)
a AC
b 043460
905 ## - TIPO DE MATERIAL
Tipo de material Articulo

No items available.